Deutsche Bundesländer und deren Hauptstädte - Statistiken

Allgemein
  • Dieses Quiz wurde 467 mal gespielt
  • Das Durchschnittsergebnis liegt bei 28 aus 32
Antwortstatistiken
Hint Antwort % Korrekt
Bundesland Berlin
98%
Hauptstadt Berlin
98%
Bundesland Bayern
97%
Bundesland Bremen
97%
Hauptstadt Bremen
97%
Bundesland Hamburg
96%
Hauptstadt Hamburg
96%
Bundesland Sachsen
96%
Hauptstadt München
94%
Bundesland Niedersachsen
94%
Bundesland Sachsen-Anhalt
94%
Bundesland Baden-Württemberg
92%
Bundesland Hessen
92%
Bundesland Nordrhein-Westfalen
92%
Bundesland Brandenburg
91%
Bundesland Mecklenburg-Vorpommern
91%
Bundesland Saarland
90%
Bundesland Thüringen
90%
Bundesland Schleswig-Holstein
88%
Hauptstadt Stuttgart
88%
Bundesland Rheinland-Pfalz
86%
Hauptstadt Düsseldorf
85%
Hauptstadt Kiel
85%
Hauptstadt Saarbrücken
85%
Hauptstadt Dresden
84%
Hauptstadt Potsdam
82%
Hauptstadt Hannover
81%
Hauptstadt Erfurt
80%
Hauptstadt Mainz
78%
Hauptstadt Schwerin
75%
Hauptstadt Wiesbaden
74%
Hauptstadt Magdeburg
71%
Keine übereinstimmenden Quizze gefunden
Verteilung der Resultate
Anzahl Personen mit jedem Resultat
Perzentil nach korrekt beantworteten Fragen
Ihre Resultats-Entwicklung
Sie haben dieses Quiz noch nicht gespielt